<?xml version="1.0" encoding="UTF-8"?>
<record
    xmlns:xsi="http://www.w3.org/2001/XMLSchema-instance"
    xsi:schemaLocation="http://www.loc.gov/MARC21/slim http://www.loc.gov/standards/marcxml/schema/MARC21slim.xsd"
    xmlns="http://www.loc.gov/MARC21/slim">

  <leader>02009nam a2200337uu 4500</leader>
  <controlfield tag="001">1505371</controlfield>
  <controlfield tag="005">20240831092841.0</controlfield>
  <controlfield tag="007">cr|||||||</controlfield>
  <controlfield tag="008">180912s2018                        spa  </controlfield>
  <datafield tag="035" ind1=" " ind2=" ">
    <subfield code="a">1505371</subfield>
  </datafield>
  <datafield tag="040" ind1=" " ind2=" ">
    <subfield code="c">comduadb</subfield>
  </datafield>
  <datafield tag="041" ind1=" " ind2=" ">
    <subfield code="a">spa</subfield>
  </datafield>
  <datafield tag="080" ind1=" " ind2=" ">
    <subfield code="a">JD</subfield>
  </datafield>
  <datafield tag="100" ind1="1" ind2="0">
    <subfield code="a">Ortega S&#xE1;nchez, Luz Dary</subfield>
    <subfield code="4">aut</subfield>
    <subfield code="e">aut</subfield>
    <subfield code="9">774393</subfield>
  </datafield>
  <datafield tag="245" ind1="1" ind2="3">
    <subfield code="a">El concepto de energ&#xED;a como una analog&#xED;a con la literatura cient&#xED;fica -LC-</subfield>
  </datafield>
  <datafield tag="260" ind1=" " ind2=" ">
    <subfield code="a">Medell&#xED;n,</subfield>
    <subfield code="c">2018.</subfield>
  </datafield>
  <datafield tag="300" ind1=" " ind2=" ">
    <subfield code="a">156 p.</subfield>
  </datafield>
  <datafield tag="520" ind1="3" ind2=" ">
    <subfield code="a">La presente investigaci&#xF3;n pretende mejorar la construcci&#xF3;n del concepto de energ&#xED;a por parte de los docentes en formaci&#xF3;n, a partir del uso de la Literatura Cient&#xED;fica. Desde la revisi&#xF3;n bibliogr&#xE1;fica y el diagn&#xF3;stico se encontraron dos falencias fundamentales: la primera que los estudiantes expresan la energ&#xED;a y sus conceptos fundamentales en t&#xE9;rminos algebraicos, pero se les dificulta usarlos para resolver problemas y la segunda que la mayor&#xED;a asocian la energ&#xED;a a los objetos y no a los sistemas. Se propone entonces una estrategia de ense&#xF1;anza-aprendizaje que permita a los maestros reflexionar acerca de sus ideas alternativas, mediante literatura con experimentos mentales y analog&#xED;as, y as&#xED; edificar nociones m&#xE1;s correctas en sinton&#xED;a con lo expresado por la comunidad cient&#xED;fica.</subfield>
  </datafield>
  <datafield tag="650" ind1=" " ind2=" ">
    <subfield code="a">Conservaci&#xF3;n de la energ&#xED;a</subfield>
    <subfield code="9">177162</subfield>
  </datafield>
  <datafield tag="650" ind1=" " ind2="0">
    <subfield code="a">Proceso ense&#xF1;anza-aprendizaje</subfield>
    <subfield code="9">24864</subfield>
  </datafield>
  <datafield tag="650" ind1=" " ind2=" ">
    <subfield code="a">Energ&#xED;a</subfield>
    <subfield code="9">32010</subfield>
  </datafield>
  <datafield tag="650" ind1=" " ind2=" ">
    <subfield code="a">Experiencia est&#xE9;tica</subfield>
    <subfield code="9">75658</subfield>
  </datafield>
  <datafield tag="650" ind1=" " ind2="0">
    <subfield code="a">Literatura cient&#xED;fica</subfield>
    <subfield code="9">40129</subfield>
  </datafield>
  <datafield tag="650" ind1=" " ind2="7">
    <subfield code="a">F&#xED;sica</subfield>
    <subfield code="x">Ense&#xF1;anza</subfield>
    <subfield code="2">lemb</subfield>
    <subfield code="9">7174</subfield>
  </datafield>
  <datafield tag="700" ind1="1" ind2="0">
    <subfield code="a">Zapata L&#xF3;pez, John Freddy</subfield>
    <subfield code="4">aut</subfield>
    <subfield code="e">aut</subfield>
    <subfield code="9">776151</subfield>
  </datafield>
  <datafield tag="700" ind1="1" ind2="0">
    <subfield code="a">Hern&#xE1;ndez Arias, Luis Edgar</subfield>
    <subfield code="4">aut</subfield>
    <subfield code="e">aut</subfield>
    <subfield code="9">772847</subfield>
  </datafield>
  <datafield tag="700" ind1="1" ind2="0">
    <subfield code="a">Rivera Escobar, Clara Cecilia</subfield>
    <subfield code="4">ths</subfield>
    <subfield code="e">ths</subfield>
    <subfield code="9">563475</subfield>
  </datafield>
  <datafield tag="856" ind1="4" ind2=" ">
    <subfield code="u">https://bibliotecadigital.udea.edu.co/handle/10495/28177</subfield>
  </datafield>
  <datafield tag="942" ind1=" " ind2=" ">
    <subfield code="c">TESIS</subfield>
    <subfield code="n">0</subfield>
  </datafield>
  <datafield tag="999" ind1=" " ind2=" ">
    <subfield code="c">790980</subfield>
    <subfield code="d">790980</subfield>
  </datafield>
  <datafield tag="500" ind1=" " ind2=" ">
    <subfield code="a">Tesis (Licenciatura en Matematicas y Fisica). Universidad de Antioquia. Facultad de Educacion - T&#xED;tulo del grado otorgado</subfield>
  </datafield>
</record>
